01405nam a2200289 i 4500001001000000003001000010005001700020007000300037008004100040020001500081040004700096041000800143082002000151100002700171245013200198264005000330264001200380300002700392336002700419337003300446338002800479505049700507563001401004653002501018653003601043700003601079768714001CO-MdFUSB20230517164051.0ta211005t1984 ck |||| |||| 00| 0 spa d a9586110001 aCO-MdFUSBbspacCO-MdFUSBdCO-MdFUSBCerda aspa 223a986.1bL253 aLandaburu, Jon.eautor1 aTradiciones de la gente del hacha : bmitología de los indios andoques del Amazonasc/ Jon Landaburu , Roberto Pineda Camacho 1aColombia :bInstituto Caro y Cuervo, c[1984] 4c© 1984 a289 páginasc; 25 cm 2rdacontentatextobtxt 2rdamediaasin mediaciónbn 2rdacarrieravolumenbnc aEl sol nace en Araracuara. -- Del oriente sube la amenaza. -- Del cielo llega el ritmo creador. -- El oriente es vencido en Araracuara. -- Fracasos en el centro, peligros hoy. -- Cuentos de cazadores. -- Abajo viven los animales. -- Volverse gente. -- Cuentos de curaciones. -- Nueva victoria sobre el oriente. -- Conversaciones sobre seres míticos (bilingüe andoque-español).-- Actualidad de la palabra mítica. -- Notas sobre la lengua Andoque: Fonología, anotaciones gramaticales. aRústico aMitología Andoque. aAmazonas -- Tribus indígenas. aPineda Camacho, Roberto.eautor